000 00306nam a22001457a 4500
008 230911b ||||| |||| 00| 0 eng d
020 _a0865423369
041 _aeng
080 _a159.9
082 _a159.9COW
100 _a25
101 _aPSI
245 _aHISTORY OF LIFE
_cCOWEN.R
942 _2udc
_cBK
999 _c60308
_d60308